000 00364 a2200097 4500
082 _a624.18341 KAU
100 _aKaushik,S.K.
245 _aFerrocement Applications and Progress:Proceedings of the third international symposium on ferrocement /
_cedited by S.K.Kaushik
260 _aNew Delhi :
_cTata McGraw Hill Publishing Comp,
_b1988
300 _a728p. :
_bill . ;
_c26cm
650 _aferrocement
999 _c1397
_d1397